| 000 | 00702nam a2200277Ia 4500 | ||
|---|---|---|---|
| 008 | 170711s9999 xx 000 0 und d | ||
| 020 | _a9788172451974 | ||
| 050 | _a507.8 | ||
| 050 | _bV398f 2012 | ||
| 100 | _aVecchione, Glen | ||
| 245 | _a100 first-prize : | ||
| 245 | _bmake-it-yourself : science fair projects / | ||
| 245 | _cby Glen Vecchione. | ||
| 260 | _aNew Delhi : | ||
| 260 | _bGoodwill, | ||
| 260 | _c2012 | ||
| 300 | _a208 pages : | ||
| 300 | _billustrations ; | ||
| 300 | _c25cm. | ||
| 440 | _aGoodwill's. | ||
| 500 | _aIncludes index. | ||
| 650 | _aScience -- Experiments -- Methodology. | ||
| 650 | _aScience projects. | ||
| 700 | _aSeries. | ||
| 700 | _aTitle. | ||
| 999 |
_c339800 _d339800 |
||